General Ball Knowledge Quiz #1 - Statistics

General Stats
  • This quiz has been taken 34 times
  • The average score is 4 of 15
Answer Stats
Hint Answer % Correct
What day did the attack on Pearl Harbor take place? December 7
46%
What did HBO change their name to in May of 2023? Max
46%
What "dude" has the most battle wins from Dude Perfect? Tyler Tony
42%
What country has the most Winter Olympic Games medals, as of 2024? Norway
35%
If a United States sports book has a line set at +150, how much money will you need to bet to make $75 50
31%
What famous band has a drummer whose name is Chad Smith? Red Hot Chili Peppers
31%
What Season 1 Fortnite glider is a very rare cosmetic and only obtained by a few people? The Mako
31%
What artist broke away from his famous boy band in March of 2015, then released a #1 hit in 2016? Zayn
31%
What division are the Carolina Hurricanes in for the NHL? Metropolitan
23%
What was the name of the vehicle that Luke Skywalker used to defeat multiple AT-AT walkers in the Battle of Hoth? Snowspeeder
23%
What artist released 3 albums in 2011, which were later combined into one? The Weeknd
23%
Who is the "Forgotten Third Astronaut" on Apollo 11? Michael Collins
19%
What artist released hit song Sober in late 2008? P!nk
19%
What band was left "High and Dry" in 1995? Radiohead
12%
Who sang "Crazy how it feels tonight, Crazy how you make it all alright love"? Dave Matthews Band
4%
No matching quizzes found
Score Distribution
Percent of People with Each Score
Percentile by Number Answered
Your Score History
You have not taken this quiz